000 01081cam a2200217 4500
001 J125124
008 040212n2002 000 0 eng u
035 _a(Sirsi) u125124
041 _aeng
050 _a711.1
_c18
110 _aUnited Kingdom
_bOffice of the Deputy Prime Minister
245 _aCompulsory purchase powers, procedures and compensation
_bthe way forward
260 _aLondon
_bODPM
_c2002
520 _aPolicy statement paper setting out the ways government intend to overcome obstacles to land assembly by ensuring that compulsory purchase powers, procedures and compensation arrangements are made simpler, fairer and quicker. View at www.odpm.gov.uk.
650 _aCOMPULSORY PURCHASE POWERS
650 _aCOMPULSORY PURCHASE REFORM
650 _aCRICHEL DOWN RULES
690 _aENVIRONMENTAL AND LAND CONSULTANCY-PLANNING AND DEVELOPMENT-COMPULSORY PURCHASE AND COMPENSATION
856 _uhttps://www.odpm.gov.uk/stellent/groups/odpm_planning/documents/page/odpm_plan_605833.hcsp
_zView the policy statement paper on the ODPM website...
942 _n0
999 _c103348
_d103348